Digital multimedia perception and design (Record no. 150273)

MARC details
000 -LEADER
fixed length control field 00730nam a2200241Ia 4500
008 - FIXED-LENGTH DATA ELEMENTS--GENERAL INFORMATION
fixed length control field 191130s2006##################000#0#eng##
020 ## - INTERNATIONAL STANDARD BOOK NUMBER
ISBN 9781591408604
082 ## - DEWEY DECIMAL CLASSIFICATION NUMBER
Classification number 006.7 GHI
245 ## - TITLE STATEMENT
Title Digital multimedia perception and design
Statement of responsibility, etc Gheorghita Ghinea, Sherry Y. Chen, [editors]
260 ## - PUBLICATION, DISTRIBUTION, ETC. (IMPRINT)
Place of publication Hershey, PA
Name of publisher Idea Group Pub
Year of publication c2006
300 ## - PHYSICAL DESCRIPTION
Number of Pages xiv, 318 p. : ill. ; 26 cm
500 ## - GENERAL NOTE
General note Includes bibliographical references and index
650 ## - SUBJECT ADDED ENTRY--TOPICAL TERM
Topical Term Multimedia systems
Topical Term Perception
Topical Term System design
700 ## - ADDED ENTRY--PERSONAL NAME
Personal name Chen, Sherry Y
Personal name Ghinea, Gheorghita
991 ## -
-- 119236
Holdings
Withdrawn status Lost status Damaged status Not for loan Home library Current library Shelving location Date acquired Full call number Accession Number Price effective from Koha item type
        Anna Centenary Library Anna Centenary Library 3RD FLOOR, A WING 12.10.2020 006.7 GHI 462193 12.10.2020 English Books

Find us on the map